000 00575nam a2200181Ia 4500
008 151018s9999 xx 000 0 und d
082 _bRBASDV41130
_a320
100 _aसुभाष काश्यप
245 _aहमारी संसद
250 _b2
260 _bनशनल बुक ट्रस्ट मुंबई
_c2005
300 _a267
600 _aसुभाष काश्यप
630 _aहमारी संसद
700 _aसुभाष काश्यप
730 _aहमारी संसद
942 _cBOOK
999 _c1040403
_d1040400